-
SANT SURENDRA DAS BABA JI
Entry Personal Name
Number of records used in: 1
001 - CONTROL NUMBER
003 - CONTROL NUMBER IDENTIFIER
005 - DATE AND TIME OF LATEST TRANSACTION
- control field:
20250513102215.0
008 - FIXED-LENGTH DATA ELEMENTS
- fixed length control field:
250513|| aca||aabn | a|a d
040 ## - CATALOGING SOURCE
- Original cataloging agency:
JRU
- Transcribing agency:
JRU
100 ## - HEADING--PERSONAL NAME
- Personal name:
SANT SURENDRA DAS BABA JI
670 ## - SOURCE DATA FOUND
- Source citation:
Work cat.: (JRU)8769: SANT SURENDRA DAS BABA JI , JAGAT GURU RAVIDAS MAHARAJ JI PAWAN JIVAN KATHAYEN, 2025